Länder in Einem JetPunk-Fisch der Welt Karte - Statistiken

Allgemein
  • Dieses Quiz wurde 1.381 mal gespielt
  • Das Durchschnittsergebnis liegt bei 30 aus 34
Antworten auf der Karte
Die Antworten werden auf der Karte rot bzw. grün angezeigt, abhängig davon wie oft sie richtig erraten wurden.
 
Antwortstatistiken
Country % Korrekt
Indien
99%
Saudi-Arabien
98%
Iran
97%
Irak
96%
Jemen
96%
Ägypten
95%
Oman
95%
Pakistan
95%
Katar
94%
Vereinigte Arabische Emirate
94%
Sudan
93%
Afghanistan
92%
China
92%
Somalia
91%
Sri Lanka
91%
Südsudan
90%
Äthiopien
89%
Libyen
89%
Kuwait
88%
Nepal
88%
Thailand
87%
Bangladesch
86%
Bhutan
86%
Eritrea
86%
Jordanien
86%
Syrien
85%
Tschad
85%
Vietnam
85%
Birma
84%
Laos
84%
Turkmenistan
82%
Bahrain
81%
Dschibuti
80%
Malediven
76%
Keine übereinstimmenden Quizze gefunden
Verteilung der Resultate
Anzahl Personen mit jedem Resultat
Perzentil nach korrekt beantworteten Fragen
Ihre Resultats-Entwicklung
Sie haben dieses Quiz noch nicht gespielt